| 000 | 00505nam a2200181Ia 4500 | ||
|---|---|---|---|
| 999 |
_c29201 _d29201 |
||
| 003 | OSt | ||
| 005 | 20201230153456.0 | ||
| 008 | 190216s9999||||xx |||||||||||||| ||und|| | ||
| 020 | _a9788126408481 | ||
| 040 | _coclc | ||
| 082 |
_a894.8121 _bKAL/P |
||
| 100 |
_aKalady, Mohanakrishnan _97700 |
||
| 245 | 0 |
_aPalaise / _cMohanakrishnan Kalady |
|
| 260 |
_bDc Books, _a Kottayam: _c2005. |
||
| 300 | _a55p | ||
| 650 | _aKavitha | ||
| 942 |
_cBK _2ddc _h894.8121 _iKAL/P _k894.8121 _mKAL/P |
||